Central Library OPAC University of Rajshahi

Arcadia / (Record no. 64355)

MARC details
000 -LEADER
fixed length control field 00703nam a2200253 a 4500
001 - CONTROL NUMBER
control field 64355
003 - CONTROL NUMBER IDENTIFIER
rucl marc code BD-RjUL
005 - DATE AND TIME OF LATEST TRANSACTION
control field 20211209081309.0
008 - FIXED-LENGTH DATA ELEMENTS--GENERAL INFORMATION
fixed length control field 170214s1993 enk 000 0 eng d
020 ## - INTERNATIONAL STANDARD BOOK NUMBER
International Standard Book Number 0571169333 (cased)
International Standard Book Number 0571169341 (FPB)
035 ## - SYSTEM CONTROL NUMBER
System control number (BD-RjUL)64485
040 ## - CATALOGING SOURCE
Original cataloging agency InU
Transcribing agency InU
Modifying agency Uk
-- BD-RjUL
Language of cataloging eng
041 ## - LANGUAGE CODE
Language code of text/sound track or separate title eng
082 00 - DEWEY DECIMAL CLASSIFICATION NUMBER
Classification number 822.914
Edition number 23
Author mark and year ART 2009
100 1# - MAIN ENTRY--PERSONAL NAME
Personal name Stoppard, Tom.
9 (RLIN) 191025
245 10 - TITLE STATEMENT
Title Arcadia /
Statement of responsibility, etc. Tom Stoppard.
260 ## - PUBLICATION, DISTRIBUTION, ETC. (IMPRINT)
Place of publication, distribution, etc. London :
-- Boston :
Name of publisher, distributor, etc. Faber and Faber,
Date of publication, distribution, etc. 1993.
300 ## - PHYSICAL DESCRIPTION
Pagination 97 p. ;
Size 20 cm.
500 ## - GENERAL NOTE
General note A play.
650 ## - SUBJECT ADDED ENTRY--TOPICAL TERM
Topical term or geographic name as entry element English drama -- 20th century.
9 (RLIN) 191026
Topical term or geographic name as entry element Drama -- 20th century.
9 (RLIN) 191027
942 ## - ADDED ENTRY ELEMENTS (KOHA)
Source of classification or shelving scheme Dewey Decimal Classification
Koha item type Books
Holdings
Lost status Source of classification or shelving scheme Damaged status Not for loan Collection code Permanent Location Current Location Shelving location Date acquired Source of acquisition Cost, normal purchase price Total Checkouts Full call number Date last seen Copy number Koha item type
  Dewey Decimal Classification   Not For Loan Non-fiction Central Library, University of Rajshahi Central Library, University of Rajshahi Reading Room 04/07/2013 Dhaka paragon enterprises ltd. 1.28   822.914 ART 2009 14/02/2017 C-1 Books